00646nam a2200157 a 450000500170000000800410001702000180005805000220007610000180009824500350011626000390015130000220019052002270021265000280043965000210046720140412111250.0000823s19uu xx 00 eng d a0-590-60368-X aTR(PS EbEm3 1994 aGibbons, Gail aEmergency! /cby Gail Gibbons. aNew York :bScholastic Inc,c1994. a1 v. (unp) ; ill. aWhen there is an emergency, people need help fast. The police department and fireman are always there to help you. They use different kinds of vehicles to rush to an emergency. You can readl all about them in this book. aTransportation--Fiction aChildren stories